Doplňky a změny k odvětvovému vydání z mezinárodního desetinného třídění pro stavebnictví a architekturu

Uložené v:
Podrobná bibliografia
Médium: Kniha
Jazyk:Czech
Vydavateľské údaje: Praha Výzkumný ústav výstavby a architektury 1967
Tagy: Pridať tag
Žiadne tagy, Buďte prvý, kto otaguje tento záznam!

MARC

LEADER 00000nam a2200000 4500
001 c111230
005 20041019155149.1
041 0 |a cze 
044 |a CZ 
245 1 0 |a Doplňky a změny k odvětvovému vydání z mezinárodního desetinného třídění pro stavebnictví a architekturu 
264 1 |a Praha  |b Výzkumný ústav výstavby a architektury  |c 1967 
300 |a nepr. str.